[Event "XXXVII Olimpiadi femminile"]
[Site "Torino ITA"]
[Date "2006.05.30"]
[Round "9.1"]
[White "Dembo, Yelena"]
[Black "Fierro Baquero, Martha Lorena"]
[Result "1/2-1/2"]
[WhiteElo "2464"]
[BlackElo "2294"]
[Annotator "GRE-ECU"]
[PlyCount "132"]
[EventDate "2006.05.21"]

1. e4 d5 2. exd5 Qxd5 3. Nc3 Qa5 4. d4 c6 5. Nf3 Nf6 6. Bc4 Bf5 7. Bd2 e6 8.
Nd5 Qd8 9. Nxf6+ Qxf6 10. Qe2 Bg4 11. d5 Bxf3 12. gxf3 cxd5 13. Bxd5 Nd7 14.
O-O-O O-O-O 15. Be4 Qe5 16. f4 Qc7 17. Rhg1 Nc5 18. Rg3 Be7 19. Bg2 Bf6 20. Ra3
Rd4 21. Be3 Rxd1+ 22. Qxd1 Rd8 23. Qe2 Qb6 24. c3 Kb8 25. Kb1 Qc7 26. Qc4 Qd6
27. Bf3 b6 28. b4 Qd3+ 29. Qxd3 Nxd3 30. Be4 e5 31. f5 Nf4 32. Kc2 Nd5 33. Bxd5
Rxd5 34. c4 Rd7 35. Rd3 Kc7 36. Rxd7+ Kxd7 37. Kd3 Be7 38. Bd2 g6 39. Ke4 Bd6
40. fxg6 hxg6 41. Kd5 e4 42. Kxe4 Bxh2 43. Kd5 f5 44. f4 Bg1 45. c5 bxc5 46.
bxc5 Bf2 47. c6+ Kc8 48. a4 Bg1 49. Bc1 Bf2 50. Bd2 Bg1 51. Kd6 Bf2 52. a5 a6
53. Ke6 Kc7 54. Kd5 Kc8 55. Kd6 Bg1 56. Ke6 Kc7 57. Kf6 Kxc6 58. Kxg6 Bh2 59.
Kxf5 Kb7 60. Ke6 Bxf4 61. Bxf4 Ka7 62. Kd7 Kb7 63. Bc7 Ka8 64. Kc6 Ka7 65. Bd8
Ka8 66. Kb6 Kb8 1/2-1/2

[Event "XXXVII Olimpiadi femminile"]
[Site "Torino ITA"]
[Date "2006.05.30"]
[Round "9.2"]
[White "Yanjindulam, Dulamsuren"]
[Black "Samaganova, Alexandra"]
[Result "1-0"]
[WhiteElo "2162"]
[BlackElo "2087"]
[Annotator "KGZ-MGL"]
[PlyCount "71"]
[EventDate "2006.05.21"]

1. e4 c6 2. d4 g6 3. Nc3 Bg7 4. f4 d5 5. e5 Nh6 6. Nf3 Bg4 7. Be2 f6 8. O-O O-O
9. Nh4 Bxe2 10. Nxe2 fxe5 11. fxe5 e6 12. Nf3 Nd7 13. Bf4 Nf5 14. Qd2 c5 15. c3
Rc8 16. Bg5 Qe8 17. g4 Ne7 18. Rf2 b5 19. Raf1 Nc6 20. Bh6 Qe7 21. Bxg7 Kxg7
22. Nf4 Nd8 23. h4 b4 24. Ng5 Kg8 25. Qd3 bxc3 26. bxc3 cxd4 27. cxd4 Rc6 28.
Nxg6 hxg6 29. Qxg6+ Qg7 30. Rxf8+ Nxf8 31. Rxf8+ Kxf8 32. Nh7+ Qxh7 33. Qxh7
Nf7 34. g5 Ke8 35. g6 Nd8 36. g7 1-0

[Event "XXXVII Olimpiadi femminile"]
[Site "Torino ITA"]
[Date "2006.05.30"]
[Round "9.3"]
[White "Ostry, Irina"]
[Black "Ankhchimeg, Bayanmunh"]
[Result "0-1"]
[WhiteElo "2182"]
[BlackElo "2252"]
[Annotator "KGZ-MGL"]
[PlyCount "48"]
[EventDate "2006.05.21"]

1. Nf3 Nf6 2. g3 e6 3. c4 c5 4. Bg2 Be7 5. O-O O-O 6. d4 d5 7. cxd5 exd5 8. Nc3
Nc6 9. Bf4 Ne4 10. dxc5 Nxc3 11. bxc3 Bxc5 12. Nd4 Be6 13. Rb1 Bb6 14. Be3 Ne5
15. f4 Ng4 16. Bd2 Bf5 17. Rb5 Nf6 18. Kh1 Be4 19. Bf3 Qd7 20. a4 Rac8 21. Qb3
Qh3 22. Rg1 Ng4 23. Rg2 Nxh2 24. Kg1 Nxf3+ 0-1

[Event "XXXVII Olimpiadi femminile"]
[Site "Torino ITA"]
[Date "2006.05.30"]
[Round "9.1"]
[White "Isgandarova, Khayala Ilqar Qizi"]
[Black "Zsiltzova-Lisenko, Lubov"]
[Result "0-1"]
[WhiteElo "2104"]
[BlackElo "2263"]
[Annotator "AZE-IBCA"]
[PlyCount "110"]
[EventDate "2006.05.21"]

1. e4 c5 2. Nc3 Nc6 3. g3 g6 4. Bg2 Bg7 5. f4 d6 6. Nf3 e6 7. O-O Nge7 8. d3
O-O 9. Be3 Nd4 10. e5 Nef5 11. Bf2 Nxf3+ 12. Bxf3 Nd4 13. Bg2 dxe5 14. fxe5 Bd7
15. Ne4 Bxe5 16. c3 Nf5 17. Bxc5 Re8 18. Qf3 h5 19. d4 Bg7 20. h3 Bc6 21. g4
hxg4 22. hxg4 Qc7 23. Qh3 Bxe4 24. Bxe4 Nh6 25. Qg2 Rab8 26. Bxa7 Rbd8 27. Bc5
b6 28. Bb4 f5 29. gxf5 exf5 30. Bd5+ Kh7 31. Bf3 Re3 32. Rae1 Rde8 33. Rxe3
Rxe3 34. Qh2 f4 35. d5 Be5 36. Qh4 Bd6 37. Bxd6 Qxd6 38. Bg2 Qc5 39. Qxf4 Nf5
40. Kh2 Re2 41. Qf3 Rxb2 42. Kh1 Rxa2 43. Rd1 Qd6 44. Rd3 Ra1+ 45. Rd1 Ra4 46.
Re1 Rh4+ 47. Bh3 Rf4 48. Qg2 Nh4 49. Qg5 Nf5 50. Qg2 Nh4 51. Qa2 Rf3 52. Be6
Qf4 53. Qh2 Rg3 54. Qe2 Nf3 55. Bg8+ Kh6 0-1

[Event "XXXVII Olimpiadi femminile"]
[Site "Torino ITA"]
[Date "2006.05.30"]
[Round "9.2"]
[White "Maeckelbergh, Mieke"]
[Black "Umudova, Nargiz"]
[Result "0-1"]
[WhiteElo "2026"]
[BlackElo "2176"]
[Annotator "AZE-IBCA"]
[PlyCount "70"]
[EventDate "2006.05.21"]

1. e4 c5 2. Nf3 d6 3. d4 cxd4 4. Nxd4 Nf6 5. Nc3 g6 6. Be3 Bg7 7. f3 O-O 8. Qd2
Nc6 9. O-O-O d5 10. exd5 Nxd5 11. Nxc6 bxc6 12. Bd4 e5 13. Bc5 Be6 14. Ne4 Re8
15. c4 Nb6 16. Qxd8 Rexd8 17. Rxd8+ Rxd8 18. b3 Bh6+ 19. Kc2 f5 20. Nd6 Rd7 21.
Be2 Bf8 22. Rd1 Nc8 23. Nxc8 Rxd1 24. Ne7+ Bxe7 25. Bxe7 Rg1 26. g3 e4 27. g4
Rg2 28. Kd1 fxg4 29. fxe4 Rxh2 30. Bd6 Rg2 31. Bb8 h5 32. Bxa7 h4 33. a4 h3 34.
Bf1 Ra2 35. Bb8 h2 0-1

[Event "XXXVII Olimpiadi femminile"]
[Site "Torino ITA"]
[Date "2006.05.30"]
[Round "9.1"]
[White "Delgado Crespo, Mairelys"]
[Black "Bosboom-Lanchava, Tea"]
[Result "1/2-1/2"]
[WhiteElo "2296"]
[BlackElo "2380"]
[Annotator "ESP-NED"]
[PlyCount "77"]
[EventDate "2006.05.21"]

1. e4 d6 2. d4 g6 3. Nf3 Bg7 4. Be2 Nf6 5. Nc3 O-O 6. O-O c6 7. Re1 Nbd7 8. Bf4
Qa5 9. Qd2 e5 10. dxe5 dxe5 11. Bg5 Re8 12. Nd5 Qxd2 13. Nxf6+ Bxf6 14. Bxd2
Nc5 15. Bc4 b5 16. Bf1 Bg4 17. h3 Bxf3 18. gxf3 Ne6 19. c3 Bg5 20. Be3 Red8 21.
Red1 Bxe3 22. fxe3 Nc5 23. b4 Na4 24. c4 a6 25. Rac1 Rxd1 26. Rxd1 Nc3 27. Rd2
Kf8 28. Rc2 Nd1 29. Be2 Nxe3 30. Rc3 Nxc4 31. Bxc4 bxc4 32. Rxc4 Rd8 33. a4 Rd6
34. Rc5 f6 35. Ra5 Rd4 36. Rxa6 Rxb4 37. Rxc6 Rxa4 38. Rxf6+ Ke7 39. Rb6
1/2-1/2

[Event "XXXVII Olimpiadi femminile"]
[Site "Torino ITA"]
[Date "2006.05.30"]
[Round "9.3"]
[White "Hernandez Estevez, Yudania"]
[Black "Muhren, Bianca"]
[Result "1/2-1/2"]
[WhiteElo "2262"]
[BlackElo "2253"]
[Annotator "ESP-NED"]
[PlyCount "126"]
[EventDate "2006.05.21"]

1. e4 c5 2. g3 g6 3. Bg2 Bg7 4. d3 Nc6 5. f4 e6 6. Nf3 Nge7 7. O-O O-O 8. c3 b5
9. Be3 d6 10. d4 cxd4 11. cxd4 b4 12. Nbd2 Ba6 13. Re1 Rc8 14. Bf2 d5 15. e5
Na5 16. Bf1 Qb6 17. Nb3 Bxf1 18. Rxf1 Nxb3 19. Qxb3 Rc4 20. Nd2 Rc6 21. Rfc1
Rfc8 22. Qd1 Rxc1 23. Rxc1 Rxc1 24. Qxc1 Qc6 25. Qxc6 Nxc6 26. Kf1 f6 27. Ke2
Kf7 28. Kd3 g5 29. Nf3 gxf4 30. gxf4 Bh6 31. Bh4 fxe5 32. fxe5 Kg6 33. Bf2 Kf5
34. Be3 Kg4 35. Bxh6 Kxf3 36. Bg5 Na5 37. Be7 Nc6 38. Bg5 Kg4 39. h4 Kf3 40.
Bf6 h6 41. Bg7 h5 42. Bf6 Kg4 43. Bg5 a6 44. Bf6 Na5 45. b3 Nc6 46. Bg5 Na7 47.
Be7 Nb5 48. Bxb4 Kxh4 49. a4 Na7 50. Bc5 Nc6 51. b4 Kg3 52. b5 axb5 53. axb5
Na5 54. Bb4 Nc4 55. Be1+ Kg4 56. Kc3 h4 57. Bxh4 Kxh4 58. Kb4 Kg5 59. Kc5 Kf4
60. b6 Nxb6 61. Kxb6 Ke4 62. Kc5 Kd3 63. Kd6 Kxd4 1/2-1/2

[Event "XXXVII Olimpiadi femminile"]
[Site "Torino ITA"]
[Date "2006.05.30"]
[Round "9.1"]
[White "Titova-Boric, Elena"]
[Black "Maric, Alisa"]
[Result "1-0"]
[WhiteElo "2284"]
[BlackElo "2415"]
[Annotator "BIH-SCG"]
[PlyCount "89"]
[EventDate "2006.05.21"]

1. d4 Nf6 2. Nf3 e6 3. Bf4 c5 4. e3 b6 5. Na3 a6 6. Nc4 d5 7. Nce5 Bd6 8. Ng5
Bxe5 9. dxe5 Ng8 10. Bd3 g6 11. Qf3 Ra7 12. c4 dxc4 13. Bxc4 b5 14. Bb3 Bb7 15.
Qh3 c4 16. Bc2 h6 17. O-O Kf8 18. Rad1 Qe7 19. Ne4 Bxe4 20. Bxe4 Kg7 21. Qf3 g5
22. Bg3 Nd7 23. Rd2 h5 24. h3 Nc5 25. Bb1 Qb7 26. e4 Qe7 27. Qe3 Rd7 28. Rd6
Na4 29. Rxd7 Qxd7 30. Qxg5+ Kf8 31. b3 cxb3 32. axb3 Nc3 33. Bc2 Ne7 34. Qe3 b4
35. Bh4 Nc6 36. Bf6 Rg8 37. Qc5+ Ke8 38. Re1 a5 39. Re3 Rg6 40. Rd3 Ne2+ 41.
Kf1 Ned4 42. Bd1 Qb7 43. Bxh5 Qa6 44. Be2 Nxe2 45. Rd8+ 1-0

[Event "XXXVII Olimpiadi femminile"]
[Site "Torino ITA"]
[Date "2006.05.30"]
[Round "9.3"]
[White "Dedijer, Sanja"]
[Black "Benderac, Ana"]
[Result "0-1"]
[WhiteElo "2068"]
[BlackElo "2293"]
[Annotator "BIH-SCG"]
[PlyCount "80"]
[EventDate "2006.05.21"]

1. d4 f5 2. g3 Nf6 3. Bg2 e6 4. c4 c6 5. Nf3 d5 6. O-O Bd6 7. b3 Qe7 8. Bb2 O-O
9. Qc1 b6 10. Ba3 Bb7 11. Bxd6 Qxd6 12. Nbd2 Nbd7 13. Qb2 Ne4 14. e3 Qe7 15. b4
g5 16. Rfc1 Rac8 17. b5 f4 18. exf4 gxf4 19. bxc6 Bxc6 20. cxd5 exd5 21. Rc2
Bb7 22. Rxc8 Rxc8 23. gxf4 Qg7 24. Nxe4 dxe4 25. Qb3+ Kh8 26. Ng5 h6 27. Ne6
Qg6 28. d5 Rg8 29. Qh3 Nf6 30. f5 Qh7 31. Nf4 Bc8 32. Ne6 Nxd5 33. Kh1 Bxe6 34.
fxe6 Qg7 35. Rg1 Nf4 36. Qg3 Qf6 37. Qe3 Nxg2 38. Qxe4 Nh4 39. Re1 Qf3+ 40.
Qxf3 Nxf3 0-1

[Event "XXXVII Olimpiadi femminile"]
[Site "Torino ITA"]
[Date "2006.05.30"]
[Round "9.1"]
[White "Jackova, Jana"]
[Black "Lujan, Carolina Maria"]
[Result "1/2-1/2"]
[WhiteElo "2389"]
[BlackElo "2378"]
[Annotator "CZE-ARG"]
[PlyCount "60"]
[EventDate "2006.05.21"]

1. e4 c5 2. Nf3 e6 3. b3 a6 4. Bb2 d6 5. d4 cxd4 6. Nxd4 Nf6 7. Bd3 Be7 8. c4
O-O 9. O-O Nc6 10. Nxc6 bxc6 11. Nc3 Nd7 12. Qd2 a5 13. Rad1 e5 14. Ne2 Bg5 15.
Qc3 Qb6 16. Bc2 Be7 17. Ng3 g6 18. Kh1 f6 19. Qd2 Rf7 20. Bc3 c5 21. a3 Nb8 22.
b4 axb4 23. axb4 Be6 24. Bd3 cxb4 25. Bxb4 Na6 26. Ba3 Nc5 27. Bxc5 dxc5 28.
Ne2 Rd8 29. Qc2 Bf8 30. Nc3 Rd4 1/2-1/2

[Event "XXXVII Olimpiadi femminile"]
[Site "Torino ITA"]
[Date "2006.05.30"]
[Round "9.2"]
[White "Zuriel, Marisa"]
[Black "Sikorova, Olga"]
[Result "1/2-1/2"]
[WhiteElo "2214"]
[BlackElo "2276"]
[Annotator "CZE-ARG"]
[PlyCount "160"]
[EventDate "2006.05.21"]

1. e4 c5 2. Nf3 Nf6 3. e5 Nd5 4. Nc3 e6 5. Nxd5 exd5 6. d4 c4 7. Be2 Nc6 8. O-O
d6 9. Bf4 Be7 10. b3 cxb3 11. axb3 O-O 12. Qd2 a5 13. Bb5 Nb4 14. c3 Nc6 15.
Bd3 b6 16. Rfe1 Bg4 17. Ng5 g6 18. e6 Bxe6 19. Nxe6 fxe6 20. Rxe6 Qd7 21. Rae1
Rf7 22. Bb5 Bf8 23. c4 Qb7 24. cxd5 Nb4 25. Bxd6 Bxd6 26. Rxd6 Kg7 27. Qe2 Raf8
28. Qe5+ Kg8 29. f3 Qc7 30. Be8 Nd3 31. Bxf7+ Qxf7 32. Qe3 Nxe1 33. Qxe1 b5 34.
Qe6 Re8 35. Qxf7+ Kxf7 36. Rb6 a4 37. Rxb5 a3 38. Ra5 Re1+ 39. Kf2 Ra1 40. Ra7+
Kf6 41. g4 a2 42. Kg2 h5 43. h3 Kg5 44. gxh5 gxh5 45. d6 Rd1 46. Rxa2 Rxd4 47.
Ra5+ Kg6 48. Ra6 Kf5 49. Rc6 Ke6 50. Rc5 h4 51. Rc4 Rd2+ 52. Kg1 Kxd6 53. Rxh4
Rd3 54. Kf2 Rxb3 55. Re4 Rb8 56. Kg3 Rg8+ 57. Rg4 Rh8 58. h4 Ke5 59. Rg5+ Kf6
60. Kg4 Ra8 61. h5 Ra1 62. Rg6+ Kf7 63. f4 Rg1+ 64. Kf5 Rh1 65. Kg5 Rg1+ 66.
Kh6 Rf1 67. Rg4 Kf6 68. Kh7 Rh1 69. Rg5 Rh4 70. h6 Rxf4 71. Rg8 Kf7 72. Ra8 Rg4
73. Ra7+ Kf8 74. Rg7 Rf4 75. Kh8 Rf6 76. Rg8+ Kf7 77. Rg7+ Kf8 78. h7 Rf2 79.
Rg8+ Kf7 80. Rg4 Kf8 1/2-1/2

[Event "XXXVII Olimpiadi femminile"]
[Site "Torino ITA"]
[Date "2006.05.30"]
[Round "9.3"]
[White "Blazkova, Petra"]
[Black "Burijovich, Liliana"]
[Result "1-0"]
[WhiteElo "2242"]
[BlackElo "2204"]
[Annotator "CZE-ARG"]
[PlyCount "97"]
[EventDate "2006.05.21"]

1. e4 c5 2. Nf3 Nc6 3. d4 cxd4 4. Nxd4 Qb6 5. Nb3 Nf6 6. Nc3 e6 7. Be3 Qc7 8.
a3 a6 9. Be2 d6 10. O-O Be7 11. a4 b6 12. f4 Bb7 13. f5 Ne5 14. fxe6 fxe6 15.
Nd4 Qd7 16. Nf3 Neg4 17. Bxb6 Bd8 18. Bxd8 Rxd8 19. Qd4 e5 20. Qb6 Qc6 21.
Qxc6+ Bxc6 22. Bxa6 Nxe4 23. Nxe4 Bxe4 24. Ng5 Bd5 25. Rad1 h6 26. Rxd5 hxg5
27. Ra5 Ke7 28. Bb5 Ra8 29. Rxa8 Rxa8 30. Re1 Ke6 31. h3 Nf6 32. c4 g4 33. hxg4
Nxg4 34. Bc6 Rb8 35. Re2 Rb6 36. Bd5+ Kf5 37. a5 Rb4 38. Be4+ Kf4 39. Bf3 Rxc4
40. Re4+ Rxe4 41. Bxe4 Kxe4 42. a6 Kd3 43. a7 e4 44. a8=Q e3 45. Qd5+ Kc2 46.
Qe4+ Kd2 47. Qd4+ Ke1 48. Qxg4 e2 49. Qd4 1-0

[Event "XXXVII Olimpiadi femminile"]
[Site "Torino ITA"]
[Date "2006.05.30"]
[Round "9.1"]
[White "Sukandar, Irine Kharisma"]
[Black "Paridar, Shadi"]
[Result "1/2-1/2"]
[WhiteElo "2213"]
[BlackElo "2210"]
[Annotator "INA-IRI"]
[PlyCount "93"]
[EventDate "2006.05.21"]

1. e4 c5 2. Nf3 Nc6 3. d4 cxd4 4. Nxd4 Qc7 5. Nc3 e6 6. Be2 a6 7. O-O Nf6 8.
Be3 Bb4 9. Nxc6 bxc6 10. Bf3 O-O 11. Na4 Rb8 12. c4 Bd6 13. g3 Be5 14. Bg2 c5
15. Rb1 Bd6 16. f4 Be7 17. e5 Ne8 18. f5 exf5 19. Rxf5 d6 20. exd6 Bxd6 21.
Rxc5 Qe7 22. Bf2 Nf6 23. Rc6 Ne4 24. c5 Nxf2 25. Kxf2 Be5 26. Bf3 Bf5 27. Rc1
Rbd8 28. Qe1 Rfe8 29. Kg2 Qg5 30. Rd1 Bd4 31. Qd2 Be3 32. Qe2 Bd2 33. Qf2 Bc2
34. h4 Qe3 35. Qxe3 Rxe3 36. Rxa6 Bxd1 37. Bxd1 Be1 38. Bf3 h5 39. Rd6 Rxd6 40.
cxd6 Rd3 41. Bxh5 Rxd6 42. Bf3 Rd2+ 43. Kh3 Rd3 44. Kg2 Rd2+ 45. Kh3 Rd3 46.
Kg2 Rd4 47. Nc5 1/2-1/2

[Event "XXXVII Olimpiadi femminile"]
[Site "Torino ITA"]
[Date "2006.05.30"]
[Round "9.1"]
[White "Johansson, Viktoria"]
[Black "Geldyeva, Mekhri"]
[Result "1/2-1/2"]
[WhiteElo "2222"]
[BlackElo "2274"]
[Annotator "SWE-TKM"]
[PlyCount "106"]
[EventDate "2006.05.21"]

1. d4 d5 2. Nf3 Nf6 3. c4 e6 4. g3 dxc4 5. Bg2 c5 6. Qa4+ Nbd7 7. Qxc4 cxd4 8.
Nxd4 Nb6 9. Qb5+ Bd7 10. Qd3 Qc7 11. O-O Be7 12. Nc3 O-O 13. Bf4 e5 14. Ndb5
Qb8 15. Bg5 Rd8 16. Bxf6 Bxf6 17. Nd5 Nxd5 18. Bxd5 e4 19. Qb3 Bxb5 20. Qxb5
Qe5 21. Rad1 Rab8 22. Qc4 Rd7 23. Bxe4 Re7 24. Bd5 Qxe2 25. Bxf7+ Kf8 26. Qxe2
Rxe2 27. Bc4 Rxb2 28. Rd7 b5 29. Bb3 Bc3 30. Rf7+ Ke8 31. Rxa7 Rd8 32. Rb7 b4
33. Kg2 Rd6 34. h4 Kd8 35. Rf7 Rd7 36. Rxd7+ Kxd7 37. Rd1+ Kc6 38. Rd8 Kc5 39.
Rd5+ Kc6 40. Rd8 h6 41. Rc8+ Kd6 42. Rd8+ Ke5 43. Kf3 Kf6 44. Ke3 Ke7 45. Rd5
Be1 46. Rf5 Kd6 47. Rd5+ Kc6 48. Rf5 Bc3 49. Rf7 Kd6 50. Rf5 Bd2+ 51. Kf3 Bc3
52. Ke3 Bd2+ 53. Kf3 Bc3 1/2-1/2

[Event "XXXVII Olimpiadi femminile"]
[Site "Torino ITA"]
[Date "2006.05.30"]
[Round "9.2"]
[White "Hallaeva, Bahar"]
[Black "Pavlovskaia, Evgenia"]
[Result "0-1"]
[WhiteElo "2135"]
[BlackElo "2182"]
[Annotator "SWE-TKM"]
[PlyCount "80"]
[EventDate "2006.05.21"]

1. e4 c6 2. d4 d5 3. exd5 cxd5 4. c4 Nf6 5. Nc3 Nc6 6. Bg5 e6 7. c5 Bd7 8. Nf3
b6 9. cxb6 Qxb6 10. Bxf6 Qxb2 11. Nxd5 exd5 12. Bg5 Bb4+ 13. Nd2 Nxd4 14. Bd3
Ne6 15. Rb1 Qd4 16. Qe2 O-O 17. Be3 Bxd2+ 18. Qxd2 Qf6 19. f3 d4 20. Bf2 Nf4
21. Be4 Nxg2+ 22. Kf1 Ne3+ 23. Bxe3 Bh3+ 24. Kg1 dxe3 25. Qxe3 Rab8 26. f4 Qe6
27. Kf2 Qxa2+ 28. Kg3 Qe6 29. Rhe1 h6 30. Qf3 Bf5 31. Bxf5 Qxf5 32. Rxb8 Rxb8
33. Qa3 Qg6+ 34. Kf3 h5 35. Re5 Qg4+ 36. Ke4 Qg2+ 37. Kd3 Rd8+ 38. Kc4 Qxh2 39.
Qe3 Qc2+ 40. Qc3 Rc8+ 0-1

[Event "XXXVII Olimpiadi femminile"]
[Site "Torino ITA"]
[Date "2006.05.30"]
[Round "9.1"]
[White "Lomibao, Sheerie Joy"]
[Black "Topel, Zehra"]
[Result "0-1"]
[WhiteElo "2163"]
[BlackElo "2132"]
[Annotator "PHI-TUR"]
[PlyCount "58"]
[EventDate "2006.05.21"]

1. e4 c5 2. Nc3 Nc6 3. d3 g6 4. Be3 d6 5. Qd2 Bg7 6. g3 e5 7. Bg2 Nge7 8. Bh6
O-O 9. h4 f6 10. O-O-O Nd4 11. Bxg7 Kxg7 12. h5 g5 13. h6+ Kh8 14. f4 Nec6 15.
Nh3 Bxh3 16. Bxh3 Nb4 17. Rdf1 Qa5 18. Kd1 Nxa2 19. Nxa2 Qxa2 20. Qc1 c4 21.
dxc4 Qxc4 22. Rf2 d5 23. fxg5 dxe4 24. Bg2 Rad8 25. Ke1 e3 26. Qxe3 Nxc2+ 27.
Rxc2 Qxc2 28. Bf3 e4 29. Be2 Qb1+ 0-1

[Event "XXXVII Olimpiadi femminile"]
[Site "Torino ITA"]
[Date "2006.05.30"]
[Round "9.3"]
[White "Mendoza, Beverly"]
[Black "Cinar Corlulu, Nilufer"]
[Result "1-0"]
[WhiteElo "2132"]
[BlackElo "2043"]
[Annotator "PHI-TUR"]
[PlyCount "85"]
[EventDate "2006.05.21"]

1. d4 d5 2. Nf3 Nf6 3. c4 c6 4. Nc3 dxc4 5. a4 Bf5 6. Ne5 e6 7. e3 Nbd7 8. Nxc4
Bb4 9. Bd3 Bg6 10. O-O O-O 11. Bxg6 hxg6 12. Qe2 Re8 13. Rd1 Qc7 14. e4 Nb6 15.
e5 Bxc3 16. bxc3 Nxc4 17. Qxc4 Nd5 18. Ba3 Qa5 19. Rd3 Nb6 20. Qa2 Qxa4 21. Qb1
Qc4 22. h4 Nd5 23. Qc2 Rad8 24. Qd2 a6 25. Rg3 Ne7 26. Bxe7 Rxe7 27. h5 gxh5
28. Qg5 Kf8 29. Qxg7+ Ke8 30. Rb1 b5 31. Qh8+ Kd7 32. Qxh5 a5 33. Qg5 a4 34.
Qc1 Rh8 35. Qa3 Qd5 36. c4 Qe4 37. Rc1 Ke8 38. cxb5 Qxd4 39. bxc6 Rc7 40. Qd6
Qb6 41. Rd3 Ra7 42. c7 Qxd6 43. c8=Q+ 1-0

[Event "XXXVII Olimpiadi femminile"]
[Site "Torino ITA"]
[Date "2006.05.30"]
[Round "9.1"]
[White "Petrenko, Svetlana"]
[Black "Heinatz, Gundula"]
[Result "1/2-1/2"]
[WhiteElo "2334"]
[BlackElo "2277"]
[Annotator "MDA-SUI"]
[PlyCount "118"]
[EventDate "2006.05.21"]

1. e4 c5 2. Nf3 Nc6 3. d4 cxd4 4. Nxd4 Nf6 5. Nc3 d6 6. Be2 g6 7. Be3 Bg7 8. h3
Bd7 9. Nb3 O-O 10. O-O Qb8 11. a4 Rc8 12. f4 Be6 13. f5 Bxb3 14. cxb3 Ne5 15.
Rc1 Rxc3 16. bxc3 Nxe4 17. fxg6 hxg6 18. Bf3 Ng3 19. Re1 Nf5 20. Bf2 e6 21. c4
Qc7 22. Be4 Ne7 23. Qd2 f5 24. Bb1 b6 25. b4 Rd8 26. Ba2 Kh7 27. Be3 N7c6 28.
Red1 Nf7 29. Qe1 Qe7 30. b5 Nce5 31. a5 Rb8 32. Bb1 Bf6 33. axb6 axb6 34. Rd2
Bh4 35. Qe2 Bg3 36. Ra2 Qh4 37. Ra7 Kg8 38. Rc3 Ng5 39. Bxg5 Qxg5 40. Ba2 f4
41. c5 dxc5 42. Bxe6+ Kf8 43. Bd5 Rd8 44. Qe4 Qf6 45. Rca3 Qd6 46. Ra8 Rxa8 47.
Rxa8+ Ke7 48. Ra7+ Kf6 49. Ra8 c4 50. Re8 Qc5+ 51. Kh1 f3 52. Rxe5 Bxe5 53.
Qxf3+ Kg7 54. Qf7+ Kh6 55. Bxc4 Qe3 56. Qf3 Qxf3 57. gxf3 g5 58. Kg2 Bf4 59.
Kf2 Kg6 1/2-1/2

[Event "XXXVII Olimpiadi femminile"]
[Site "Torino ITA"]
[Date "2006.05.30"]
[Round "9.2"]
[White "Hund, Barbara"]
[Black "Smokina, Karolina"]
[Result "1/2-1/2"]
[WhiteElo "2261"]
[BlackElo "2252"]
[Annotator "MDA-SUI"]
[PlyCount "50"]
[EventDate "2006.05.21"]

1. e4 c5 2. Nf3 Nc6 3. d4 cxd4 4. Nxd4 e5 5. Nb5 d6 6. N1c3 a6 7. Na3 Be6 8.
Nd5 Nf6 9. Nxf6+ gxf6 10. Bc4 b5 11. Bxe6 fxe6 12. Qh5+ Ke7 13. c4 Nd4 14. Qd1
Rc8 15. Be3 Qa5+ 16. Kf1 b4 17. Bxd4 exd4 18. Nc2 Rxc4 19. b3 Rc3 20. Nxd4 Rg8
21. Qd2 Qg5 22. Qxg5 fxg5 23. Ke2 Bg7 24. Rhd1 Rgc8 25. Rd2 a5 1/2-1/2

[Event "XXXVII Olimpiadi femminile"]
[Site "Torino ITA"]
[Date "2006.05.30"]
[Round "9.1"]
[White "Sekulovska, Vesna"]
[Black "Zepeda Cortez, Lorena Marisela"]
[Result "0-1"]
[WhiteElo "2139"]
[BlackElo "2122"]
[Annotator "MKD-ESA"]
[PlyCount "70"]
[EventDate "2006.05.21"]

1. d4 e6 2. c4 Nf6 3. Nc3 Bb4 4. e3 b6 5. Bd3 Bb7 6. f3 c5 7. Nge2 cxd4 8. exd4
O-O 9. O-O d5 10. Bg5 dxc4 11. Bxc4 Be7 12. Rc1 a6 13. a4 Nc6 14. Kh1 Rc8 15.
Bb3 h6 16. Bxf6 Bxf6 17. d5 exd5 18. Bxd5 Re8 19. Ne4 Be5 20. Qb3 Re7 21. Rfd1
Qc7 22. g3 Kh8 23. f4 Bd6 24. Qf3 f5 25. Nxd6 Qxd6 26. Nc3 Qb4 27. Qh5 Qxb2 28.
Re1 Nd4 29. Bxb7 Rxb7 30. Re8+ Rxe8 31. Qxe8+ Kh7 32. Qe3 Re7 33. Nd1 Qb4 34.
Qc3 Re1+ 35. Kg2 Qxc3 0-1

[Event "XXXVII Olimpiadi femminile"]
[Site "Torino ITA"]
[Date "2006.05.30"]
[Round "9.2"]
[White "Castaneda, Ada"]
[Black "Kizova, Aleksandra"]
[Result "1/2-1/2"]
[WhiteElo "2017"]
[BlackElo "2011"]
[Annotator "MKD-ESA"]
[PlyCount "92"]
[EventDate "2006.05.21"]

1. e4 e5 2. Bc4 Nf6 3. Qe2 Nc6 4. Nf3 Be7 5. c3 O-O 6. Bb3 h6 7. d3 Re8 8. Nbd2
Bf8 9. h3 d5 10. g4 dxe4 11. dxe4 Be6 12. Bc2 Nd7 13. Nf1 Ne7 14. Ng3 c6 15. g5
hxg5 16. Nxg5 Ng6 17. Nxe6 Rxe6 18. Nf5 Nf4 19. Bxf4 exf4 20. O-O-O Qc7 21. Bb3
Rf6 22. Rhg1 Nc5 23. Bc2 Re8 24. Qg4 Rg6 25. Qh5 Ree6 26. b4 Nxe4 27. Nd4 Re5
28. Qf3 Rxg1 29. Rxg1 Nf6 30. Nf5 g6 31. Kb2 Re8 32. Nh4 Bg7 33. Qd3 Qd7 34.
Qc4 Qd5 35. Qxf4 Nh5 36. Qg4 Qe5 37. Qc4 Qf4 38. Bb3 Qxc4 39. Bxc4 Kf8 40. Nf3
Re4 41. Rg4 Rxg4 42. hxg4 Nf6 43. Ne5 Nd5 44. Bxd5 Bxe5 45. Bc4 Ke7 46. Kc2 f6
1/2-1/2

[Event "XXXVII Olimpiadi femminile"]
[Site "Torino ITA"]
[Date "2006.05.30"]
[Round "9.3"]
[White "Jonoska, Katerina"]
[Black "Zepeda Cortez, Sonia Guadalupe"]
[Result "1-0"]
[WhiteElo "2051"]
[BlackElo "2036"]
[Annotator "MKD-ESA"]
[PlyCount "55"]
[EventDate "2006.05.21"]

1. e4 c5 2. Nf3 Nc6 3. d4 cxd4 4. Nxd4 Nf6 5. Nc3 d6 6. Bc4 Qb6 7. Nb3 e6 8.
Be3 Qc7 9. Bd3 Be7 10. f4 a6 11. O-O b5 12. Qf3 Bb7 13. Qh3 Nb4 14. Nd4 d5 15.
e5 Ne4 16. Bxe4 dxe4 17. a3 Nc6 18. Nxc6 Qxc6 19. Rad1 Bxa3 20. Nxb5 axb5 21.
bxa3 Rxa3 22. Rd6 Qc3 23. Rxe6+ fxe6 24. Qxe6+ Kf8 25. Qd6+ Kg8 26. Qd8+ Kf7
27. Qd7+ Kg6 28. Qe6+ 1-0

[Event "XXXVII Olimpiadi femminile"]
[Site "Torino ITA"]
[Date "2006.05.30"]
[Round "9.1"]
[White "Siti, Zulaikha"]
[Black "Ortiz, Nadya Karolina"]
[Result "0-1"]
[WhiteElo "2169"]
[BlackElo "2184"]
[Annotator "MAS-COL"]
[PlyCount "98"]
[EventDate "2006.05.21"]

1. e4 c5 2. Nc3 d6 3. f4 g6 4. Nf3 Bg7 5. Bb5+ Bd7 6. Bxd7+ Qxd7 7. d3 e6 8.
O-O Ne7 9. Kh1 Nbc6 10. Qe1 O-O 11. e5 Nf5 12. exd6 Qxd6 13. Ne4 Qc7 14. c3 b6
15. Rb1 h5 16. b4 cxb4 17. cxb4 Rfd8 18. b5 Nce7 19. Ne5 Qb7 20. Bb2 Rac8 21.
Rc1 Rxc1 22. Qxc1 Nd4 23. Bxd4 Rxd4 24. Qc3 Rd8 25. Qa3 Nf5 26. Rc1 Qd5 27.
Qxa7 Bxe5 28. fxe5 Qxb5 29. Ng5 Rd7 30. Qb8+ Kg7 31. Nf3 Ne7 32. Rc7 Rxd3 33.
h3 Rxf3 34. gxf3 Qf1+ 35. Kh2 Qf2+ 36. Kh1 Nf5 37. Rxf7+ Kxf7 38. Qc7+ Ne7 39.
Qb7 Qe1+ 40. Kg2 Qe2+ 41. Kg1 b5 42. f4 Qd1+ 43. Kf2 Qd4+ 44. Ke2 b4 45. Qb8
Qxf4 46. Qh8 Qh2+ 47. Kd1 Qxa2 48. Qf6+ Ke8 49. Qh8+ Kd7 0-1

[Event "XXXVII Olimpiadi femminile"]
[Site "Torino ITA"]
[Date "2006.05.30"]
[Round "9.2"]
[White "Palao, Maricela"]
[Black "Wan, Khye Theng"]
[Result "1-0"]
[WhiteElo "2152"]
[BlackElo "1989"]
[Annotator "MAS-COL"]
[PlyCount "87"]
[EventDate "2006.05.21"]

1. d4 Nf6 2. Nf3 e6 3. c4 d5 4. Nbd2 Nbd7 5. e3 c6 6. Bd3 Bd6 7. O-O O-O 8. e4
dxe4 9. Nxe4 Nxe4 10. Bxe4 h6 11. b3 e5 12. Bc2 f5 13. dxe5 Nxe5 14. Bb2 Nxf3+
15. Qxf3 Qc7 16. Qh5 Qf7 17. Qxf7+ Kxf7 18. Rad1 Bc7 19. Rfe1 g6 20. Ba3 Re8
21. Rxe8 Kxe8 22. Re1+ Kd8 23. Re7 Bd7 24. Rg7 Be8 25. g4 Be5 26. Rg8 Kc7 27.
gxf5 gxf5 28. Bxf5 Rd8 29. Kg2 c5 30. Kf1 Rd1+ 31. Ke2 Bh5+ 32. f3 Rd8 33. Rxd8
Kxd8 34. Bxc5 Bxh2 35. Bxa7 Bf7 36. Bb6+ Bc7 37. Bxc7+ Kxc7 38. Kd3 h5 39. b4
b5 40. cxb5 Bxa2 41. Ke3 Bc4 42. Bd3 Be6 43. f4 Bd5 44. f5 1-0